[Event "34th Tringov Memorial"]
[Site "Plovdiv BUL"]
[Date "2012.02.01"]
[Round "5.10"]
[White "Grigorov,G"]
[Black "Todorovic,GN"]
[Result "1-0"]
[WhiteElo "2491"]
[BlackElo "2397"]

1.d4 Nf6 2.c4 e6 3.Nf3 d5 4.Nc3 Be7 5.Bf4 O-O 6.e3 Nbd7 7.Qc2 c5 8.Rd1 cxd4
9.Rxd4 Qa5 10.Bg3 dxc4 11.Bxc4 a6 12.O-O b5 13.Be2 Bb7 14.Rfd1 Rfd8 15.a3 Rac8
16.Qd2 Qb6 17.Bd6 Kf8 18.Bxe7+ Kxe7 19.e4 Nf8 20.e5 Ne8 21.Qg5+ f6 22.Qe3 Rxd4
23.Nxd4 Qc5 24.exf6+ Nxf6 25.Bf3 Bxf3 26.Qxf3 Rc7 27.h3 Rd7 28.Nc6+ Kf7 29.Re1 Kg8
30.b4 Qg5 31.a4 bxa4 32.Nxa4 Qd2 33.Qe2 Qxe2 34.Rxe2 Nd5 35.Re4 Rd6 36.Ne5 Nd7
37.Nxd7 Rxd7 38.Nc5 Ra7 39.f4 Kf7 40.Nxe6 Kf6 41.Nc5 Nc3 42.Re5 Na2 43.Re6+ Kf5
44.Rxa6  1-0

[Event "ch-TUR 2012"]
[Site "Kemer TUR"]
[Date "2012.02.02"]
[Round "7"]
[White "Ataseven,Eren"]
[Black "Nailer,Ali"]
[Result "0-1"]
[WhiteElo "1726"]
[BlackElo "1953"]

1.d4 d5 2.c4 e6 3.Nf3 Nf6 4.Nc3 Be7 5.Bf4 c6 6.e3 Nbd7 7.c5 b6 8.b4 a5 9.a3 Nh5
10.Bd3 Nxf4 11.exf4 Ba6 12.O-O O-O 13.Re1 Re8 14.Qc2 Bxd3 15.Qxd3 Qc7 16.g3 Ra7
17.Ne5 Nxe5 18.fxe5 Rea8 19.Na4 b5 20.Nb6 Rb8 21.Qc3 a4 22.h4 Bd8 23.Kh1 Qe7
24.Ra2 Bxb6 25.cxb6 Rxb6 26.Qc5 Qxc5 27.dxc5 Rb8 28.Rd2 Re7 29.f4 f6 30.Kg2 Rf8
31.Rf2 fxe5 32.Rxe5 Rf5 33.Rfe2 Kf7 34.Kf3 Rxe5 35.Rxe5 Kf6 36.g4 g6 37.Ke3 Rf7
38.Kf3 Ke7 39.Re3 Kd7 40.Kg3 h6 41.Re5 Ke7 42.Kf3 Kd7 43.Kg3 Rf8 44.Kf3 Ke7
45.Ke3 d4+ 46.Kf3 d3 47.Re1 d2 48.Rd1 e5 49.Kg3 exf4+ 50.Kf3 Rd8 51.Kxf4 Ke6
52.Ke4 Rd7 53.Kf4 Rd4+ 54.Ke3 Ke5 55.Rxd2 Rxd2 56.Kxd2 Kf4 57.g5 hxg5 58.hxg5 Kxg5
59.Ke3 Kh4 60.Kd4 g5 61.Ke5 g4 62.Kd6 g3 63.Kxc6 g2 64.Kb7 g1=Q 65.c6 Qg2
66.Kb6 Qd5 67.c7 Qa8  0-1

[Event "ch-TUR 2012"]
[Site "Kemer TUR"]
[Date "2012.02.02"]
[Round "7"]
[White "Ataseven,Eren"]
[Black "Nailer,Ali"]
[Result "0-1"]
[WhiteElo "1726"]
[BlackElo "1953"]

1.d4 d5 2.c4 e6 3.Nf3 Nf6 4.Nc3 Be7 5.Bf4 c6 6.e3 Nbd7 7.c5 b6 8.b4 a5 9.a3 Nh5
10.Bd3 Nxf4 11.exf4 Ba6 12.O-O O-O 13.Re1 Re8 14.Qc2 Bxd3 15.Qxd3 Qc7 16.g3 Ra7
17.Ne5 Nxe5 18.fxe5 Rea8 19.Na4 b5 20.Nb6 Rb8 21.Qc3 a4 22.h4 Bd8 23.Kh1 Qe7
24.Ra2 Bxb6 25.cxb6 Rxb6 26.Qc5 Qxc5 27.dxc5 Rb8 28.Rd2 Re7 29.f4 f6 30.Kg2 Rf8
31.Rf2 fxe5 32.Rxe5 Rf5 33.Rfe2 Kf7 34.Kf3 Rxe5 35.Rxe5 Kf6 36.g4 g6 37.Ke3 Rf7
38.Kf3 Ke7 39.Re3 Kd7 40.Kg3 h6 41.Re5 Ke7 42.Kf3 Kd7 43.Kg3 Rf8 44.Kf3 Ke7
45.Ke3 d4+ 46.Kf3 d3 47.Re1 d2 48.Rd1 e5 49.Kg3 exf4+ 50.Kf3 Rd8 51.Kxf4 Ke6
52.Ke4 Rd7 53.Kf4 Rd4+ 54.Ke3 Ke5 55.Rxd2 Rxd2 56.Kxd2 Kf4 57.g5 hxg5 58.hxg5 Kxg5  0-1

[Event "34th Tringov Memorial"]
[Site "Plovdiv BUL"]
[Date "2012.02.03"]
[Round "7.2"]
[White "Cheparinov,I"]
[Black "Georgiev,Ki"]
[Result "1/2-1/2"]
[WhiteElo "2659"]
[BlackElo "2658"]

1.d4 Nf6 2.c4 e6 3.Nf3 d5 4.Nc3 Be7 5.Bf4 O-O 6.e3 Nbd7 7.c5 c6 8.h3 b6 9.b4 a5
10.a3 Bb7 11.Bd3 Qc8 12.O-O Ba6 13.Bxa6 Qxa6 14.Rb1 axb4 15.axb4 Rfc8 16.Qc2 Bd8
17.Rfc1 Qb7 18.Ne1 Bc7 19.Nd3 b5 20.f3 h6 21.Ra1 Ra7 22.Rxa7 Qxa7 23.Qb2 Bxf4
24.exf4 Ra8 25.Kf2 Kf8 26.Qd2 Qa3 27.Rc2 Qa1 28.Rc1 Qa3 29.Rb1 Qa7 30.Rb2 Qa1
31.Rb1 Qa7 32.Nc1 Nb8 33.Rb2 Qc7 34.Nd3 Ra3 35.Ra2 Qa7 36.Qb2 Rxa2 37.Qxa2 Qb7
38.Nb1 h5 39.g3 Qa6 40.Qxa6 Nxa6 41.Nd2 Ng8 42.Nb3 Ne7 43.Na5 f6 44.g4 Kf7
45.Nb7 Ke8 46.Kg3 Nc7 47.Nd6+ Kf8 48.Kh4 g6 49.Nb7 Ke8 50.Ne1 Kf8 51.Nc2 hxg4
52.fxg4 e5 53.dxe5 fxe5 54.fxe5 Ne6 55.Kg3 g5 56.Ne1 Ng6 57.Nf3 d4 58.Na5 Ne7
59.Kf2 Ke8 60.Nb3 Nd5 61.Nbxd4 Nxd4 62.Nxd4 Nxb4 63.Ke3 Kf7 64.Ke4 Kg6 65.Nb3 Nd5
66.Nd4 Ne7 67.Ne6 Nd5 68.Nd8 Nb4 69.Kd4 Kg7 70.Ke3 Kg6 71.Ke4 Na6 72.Nb7 Nc7
73.Nd8 Ne6 74.Nxc6 Nxc5+ 75.Kd5 Nd3 76.e6 b4 77.Nd4 Kf6 78.Kd6 Ne5 79.h4 Nc4+
80.Kc5 gxh4 81.g5+ Ke7 82.Kxc4 h3 83.Kd5 h2 84.Nf5+ Ke8 85.Ng3 b3 86.g6 Kf8
87.Kd6 b2 88.e7+ Kg7 89.e8=Q b1=Q 90.Qf7+ Kh6 91.Qh7+ Kg5 92.Qh5+ Kf6 93.Qh4+ Kxg6
94.Qh5+ Kg7 95.Qxh2 Qb6+ 96.Ke5 Qc5+ 97.Kf4 Qd6+ 98.Ke3 Qe5+ 99.Kf2 Qd4+
100.Kg2 Qd2+ 101.Kg1 Qxh2+ 102.Kxh2  1/2-1/2

[Event "Moscow Open D 2012"]
[Site "Moscow RUS"]
[Date "2012.02.04"]
[Round "8"]
[White "Swiercz,D"]
[Black "Matlakov,M"]
[Result "1/2-1/2"]
[WhiteElo "2583"]
[BlackElo "2625"]

1.d4 d5 2.c4 e6 3.Nc3 Be7 4.Nf3 Nf6 5.Bf4 O-O 6.e3 Nbd7 7.c5 c6 8.h3 b6 9.b4 a5
10.a3 Bb7 11.Bd3 Qc8 12.O-O Ba6 13.Rb1 axb4 14.axb4 Bxd3 15.Qxd3 Qb7 16.Rfc1 Rfc8
17.Qc2 Bd8 18.Ne1 Bc7 19.Nd3 h6 20.Rb2 b5 21.Bxc7 Qxc7 22.f4 Ne4 23.Nxe4 dxe4
24.Ne5 Nf6 25.Ng4 Nxg4 26.hxg4 f5 27.Ra2 Qf7 28.gxf5 Qxf5 29.Rca1 Rxa2 30.Qxa2 Rf8
31.Qa6 Qd5 32.Qa2 Qf5 33.Qe2 g5 34.fxg5 Qxg5 35.Rf1  1/2-1/2

[Event "Schachbundesliga 2011-12"]
[Site "Emsdetten GER"]
[Date "2012.02.05"]
[Round "9"]
[White "Nyback,T"]
[Black "Fridman,D"]
[Result "1-0"]
[WhiteElo "2627"]
[BlackElo "2652"]

1.d4 d5 2.c4 e6 3.Nf3 Nf6 4.Nc3 Be7 5.Bf4 O-O 6.e3 Nbd7 7.cxd5 Nxd5 8.Nxd5 exd5
9.Bd3 c5 10.O-O c4 11.Bc2 b5 12.b3 g6 13.bxc4 bxc4 14.Rb1 Nb6 15.Ne5 Bg5
16.Bxg5 Qxg5 17.a4 Qd8 18.a5 Nd7 19.Nc6 Qf6 20.Ba4 Qd6 21.Qf3 Nf6 22.Qg3 Qxg3
23.hxg3 Kg7 24.Ne7 Ba6 25.Bb5 Bxb5 26.Rxb5 Rab8 27.Rfb1 Rxb5 28.Rxb5 a6 29.Rb7 c3
30.Kf1 Rd8 31.Ke2 Kf8 32.Kd3 Rd6 33.Kc2 Re6 34.Nc8 Ne4 35.Nb6 Nxf2 36.Nxd5 Ne4
37.Rb6 Nxg3 38.Kxc3 Nf5 39.Kd3 Ne7 40.Nb4 Ke8 41.Nxa6 Rc6 42.Rb8+ Rc8 43.Rxc8+ Nxc8
44.d5 Kd7 45.Kd4 Kd6 46.Nc5 f5 47.e4 fxe4 48.Nxe4+ Ke7 49.Kc5  1-0

[Event "ch-TUR 2012"]
[Site "Kemer TUR"]
[Date "2012.02.05"]
[Round "10"]
[White "Selbes,T"]
[Black "Ersoz,B"]
[Result "1-0"]
[WhiteElo "2264"]
[BlackElo "1938"]

1.Nf3 d5 2.d4 Nf6 3.c4 e6 4.Nc3 Be7 5.Bf4 c6 6.e3 Nbd7 7.Bd3 O-O 8.O-O Re8
9.Rc1 Nf8 10.Ne5 Ng6 11.c5 Nxe5 12.Bxe5 Nd7 13.b4 Nxe5 14.dxe5 g6 15.Ne2 Bf8
16.Nd4 Bg7 17.f4 Bd7 18.Rc2 a6 19.Rcf2 Qe7 20.g4 a5 21.a3 axb4 22.axb4 Reb8
23.Qf3 Ra3 24.Bb1 Rba8 25.h4 Be8 26.h5 Rc3 27.hxg6 hxg6 28.Qh3 Ra4 29.Rh2 Rxb4
30.Bxg6 fxg6 31.Qh7+ Kf8 32.f5 gxf5 33.gxf5 Qg5+ 34.Kh1 Rxd4 35.f6 Bf7 36.exd4 Bxf6
37.exf6 Qg6 38.Qh8+ Bg8 39.f7 Qe4+ 40.Rg2 Qh7+ 41.Qxh7 Bxh7 42.Rb2 Bf5 43.Rxb7 Rh3+
44.Kg2 Rh7 45.Ra1 Be4+ 46.Kg3 Rxf7 47.Rxf7+ Kxf7 48.Kf4 Bd3 49.Ke5 Kg6 50.Kxe6 Kg5
51.Kd6 Bb5 52.Ra5  1-0

[Event "11th Aeroflot Open A"]
[Site "Moscow RUS"]
[Date "2012.02.07"]
[Round "1"]
[White "Le Quang Liem"]
[Black "Savchenko,B"]
[Result "1-0"]
[WhiteElo "2714"]
[BlackElo "2609"]

1.d4 d5 2.c4 e6 3.Nf3 Be7 4.Nc3 Nf6 5.Bf4 O-O 6.Rc1 dxc4 7.e3 Nd5 8.Bxc4 Nxf4
9.exf4 Nc6 10.O-O Bf6 11.Ne2 Qe7 12.Qc2 Rd8 13.Rfd1 Nb4 14.Qe4 Bd7 15.Ne5 Ba4
16.Rd2 c5 17.a3 Bxe5 18.fxe5 Bc6 19.Qg4 Nd5 20.dxc5 Qxc5 21.Bxd5 Qe7 22.Bxc6 Rxd2
23.Bf3 Rxb2 24.Nf4 Qxa3 25.Nxe6 g6 26.Qc4 h6 27.Nc7 Rb4 28.Qc2 Rd8 29.e6 Rf4
30.exf7+ Kxf7 31.Nd5 Qa4 32.Qc7+  1-0

[Event "11th Aeroflot Open B"]
[Site "Moscow RUS"]
[Date "2012.02.08"]
[Round "2"]
[White "Munkhgal,G"]
[Black "Oparin,G"]
[Result "0-1"]
[WhiteElo "2340"]
[BlackElo "2466"]

1.d4 d5 2.c4 e6 3.Nf3 Nf6 4.Nc3 Be7 5.Bf4 O-O 6.e3 Nbd7 7.c5 Nh5 8.Bd3 Nxf4
9.exf4 b6 10.b4 a5 11.a3 c6 12.O-O Qc7 13.g3 Ba6 14.Bxa6 Rxa6 15.Qe2 Rfa8
16.b5 cxb5 17.Nxd5 exd5 18.Qxe7 Rc8 19.c6 Nb8 20.Qxc7 Rxc7 21.Rfb1 Nxc6 22.Rxb5 Ne7
23.Rab1 f6 24.Kg2 Rc6 25.g4 Kf7 26.f5 a4 27.Re1 Ra5 28.Reb1 Rxb5 29.Rxb5 Nc8
30.Rxd5 Nd6 31.Re5 Nc4 32.d5 Rd6 33.Re4 b5 34.Nd4 Nxa3 35.Nxb5 Nxb5 36.Rxa4 Rxd5
37.Ra5 g6 38.fxg6+ Kxg6 39.h3 Nc7 40.Ra3 Rc5 41.h4 Nd5 42.Ra6 Rc3 43.f3 Nb4
44.h5+ Kg5 45.Ra7 Kh4 46.Kf2 Nd3+ 47.Ke2 Nf4+ 48.Kf2 h6 49.Rh7 Nh3+ 50.Ke2 Ng1+
51.Kd2 Rc6 52.Ke3 Re6+ 53.Kf2 Nh3+ 54.Kf1 Kg3 55.Rxh6 Nf4  0-1

[Event "11th Aeroflot Open A"]
[Site "Moscow RUS"]
[Date "2012.02.11"]
[Round "5"]
[White "Vidit,S"]
[Black "Savchenko,B"]
[Result "1-0"]
[WhiteElo "2513"]
[BlackElo "2609"]

1.d4 d5 2.c4 e6 3.Nf3 Nf6 4.Nc3 Be7 5.Bf4 O-O 6.e3 c6 7.Bd3 Nbd7 8.cxd5 exd5
9.Qc2 Re8 10.h3 Nf8 11.O-O-O Be6 12.Kb1 a5 13.g4 b5 14.Ne5 Rc8 15.g5 Nh5
16.Bh2 Bxg5 17.f4 Bh4 18.f5 Bd7 19.Rhg1 f6 20.Nxd7 Qxd7 21.Qe2 Qf7 22.e4 Kh8
23.Qf3 b4 24.Na4 g5 25.fxg6 hxg6 26.Nb6 Rb8 27.Bxb8 Rxb8 28.exd5 f5 29.Nc4 Qxd5
30.Be2 Re8 31.Ne5 Rxe5 32.dxe5 Qxe5 33.Bc4 Bf6 34.Qe2 Qxe2 35.Bxe2 Nf4 36.Bc4 Kg7
37.Rg3 Be7 38.Rf3 Nh5 39.Kc2 a4 40.Re3 Kf6 41.Rde1 Bc5 42.Re8 Nf4 43.Rc8 Kg5
44.Rxc6 Bf2 45.Re7  1-0

[Event "TCh-FIN SM-Liiga 2011-12"]
[Site "Oulu FIN"]
[Date "2012.02.11"]
[Round "8.1"]
[White "Nyback,T"]
[Black "Kiuttu,R"]
[Result "1-0"]
[WhiteElo "2627"]
[BlackElo "2303"]

1.d4 d5 2.c4 e6 3.Nc3 Be7 4.Nf3 Nf6 5.Bf4 O-O 6.e3 Nbd7 7.cxd5 Nxd5 8.Nxd5 exd5
9.Bd3 c5 10.O-O c4 11.Bc2 b5 12.b3 Bb7 13.Qb1 cxb3 14.Bxh7+ Kh8 15.Bd3 b2
16.Qxb2 b4 17.Qe2 Kg8 18.Ne5 Nxe5 19.Bxe5 g6 20.Rac1 Bd6 21.f4 Qe7 22.Bxd6 Qxd6
23.f5 Kg7 24.f6+ Kg8 25.Qg4 Rfc8 26.Bxg6 Rxc1 27.Bh7+ Kxh7 28.Qg7+  1-0

[Event "76th ch-BUL SF 2012"]
[Site "Plovdiv BUL"]
[Date "2012.02.11"]
[Round "8"]
[White "Nikolov,Sas"]
[Black "Kukov,V"]
[Result "1-0"]
[WhiteElo "2407"]
[BlackElo "2414"]

1.d4 Nf6 2.c4 e6 3.Nf3 d5 4.Nc3 Be7 5.Bf4 O-O 6.e3 b6 7.Rc1 c5 8.cxd5 Nxd5
9.Nxd5 exd5 10.Bd3 c4 11.Bb1 Bb4+ 12.Kf1 f5 13.h4 Be6 14.Ng5 Qe7 15.Qh5 h6
16.g4 fxg4 17.Qg6 Rxf4 18.exf4 hxg5 19.hxg5 Kf8 20.Rh8+ Bg8 21.Qh7 Qe6 22.Bf5 Ke7
23.Rxg8  1-0

[Event "Vladimir Petrov Mem A 2012"]
[Site "Jurmala LAT"]
[Date "2012.02.17"]
[Round "5.1"]
[White "Nyback,T"]
[Black "Fridman,D"]
[Result "0-1"]
[WhiteElo "2634"]
[BlackElo "2660"]

1.d4 d5 2.c4 e6 3.Nc3 Be7 4.Nf3 Nf6 5.Bf4 O-O 6.e3 b6 7.cxd5 Nxd5 8.Nxd5 Qxd5
9.Bd3 Qa5+ 10.Ke2 c5 11.Qc2 Ba6 12.Rhd1 cxd4 13.Nxd4 Rc8 14.Qb3 Bf6 15.Bxb8 Raxb8
16.Bxa6 Qxa6+ 17.Qd3 Qb7 18.Kf1 Rd8 19.Qb3 Bxd4 20.Rxd4 Qa6+ 21.Qc4 b5 22.Qd3 Rxd4
23.Qxd4 b4+ 24.Kg1 h6 25.b3 Qa5 26.Qd2 Rd8 27.Qc2 Rd5 28.h3 Qd8 29.a3 Rd2
30.Qc1 Qf6 31.f3 Rc2 32.Qb1 bxa3 33.Rxa3 Qc3 34.Ra1 Qd2 35.Qf1 Qxe3+ 36.Kh1 Rc7
37.Qg1 Qxg1+ 38.Kxg1 Kf8 39.Ra6 Ke7 40.Kf2 Kf6 41.Ra5 Rb7 42.Kg3 e5 43.h4 Kf5
44.Ra4 h5 45.Kf2 f6 46.Ra5 Ke6 47.Ra4 Kd5 48.g4 hxg4 49.Rxg4 Ke6 50.Ra4 Kf5
51.Kg2 Kg6 52.b4 Kh5 53.Kg3 g6 54.b5 f5 55.Ra5 Re7 56.Ra6 f4+ 57.Kf2 Rb7
58.Kg2 Rxb5 59.Rxa7 Kxh4  0-1

[Event "Caissa GM Feb 2012"]
[Site "Kecskemet HUN"]
[Date "2012.02.18"]
[Round "1.5"]
[White "Kislik,E"]
[Black "Minko,V"]
[Result "1-0"]
[WhiteElo "2380"]
[BlackElo "2038"]

1.d4 d5 2.c4 e6 3.Nc3 Nf6 4.Nf3 Be7 5.Bf4 O-O 6.Rc1 c6 7.e3 Nbd7 8.h3 Re8
9.Bd3 dxc4 10.Bxc4 Nd5 11.Bh2 Nf8 12.e4 Nxc3 13.bxc3 b5 14.Bd3 Ng6 15.O-O a6
16.Bb1 c5 17.Qd3 Bb7 18.Rcd1 cxd4 19.cxd4 Rc8 20.Qe3 Qa5 21.Rd3 b4 22.Nd2 Bc6
23.Nb3 Qb6 24.Rc1 Bb5 25.Rdd1 a5 26.f4 Nf8 27.Bg3 Nd7 28.Bf2 a4 29.Nc5 Nxc5
30.dxc5 Qa5 31.e5 g6 32.h4 Red8 33.Rd6 b3 34.axb3 axb3 35.Rxd8+ Rxd8 36.Qxb3 Qd2
37.Qe3 Qb2 38.Be4 Qa2 39.c6 Ba3 40.c7 Rc8 41.Bb7 Bxc1 42.Qxc1 Ba6 43.Bxc8 Bxc8
44.Qc6 Qa6 45.Qe8+ Kg7 46.Bc5 Kh6 47.Qd8  1-0

[Event "Chebanenko Memorial KO"]
[Site "Chisinau MDA"]
[Date "2012.02.19"]
[Round "1.2"]
[White "Savchenko,S"]
[Black "Riazantsev,A"]
[Result "0-1"]
[WhiteElo "2512"]
[BlackElo "2710"]

1.Nf3 Nf6 2.c4 e6 3.Nc3 d5 4.d4 Be7 5.Bf4 O-O 6.e3 Nbd7 7.a3 c5 8.cxd5 Nxd5
9.Nxd5 exd5 10.dxc5 Nxc5 11.Be2 Qb6 12.Be5 Nb3 13.Rb1 Bf5 14.Bd3 Be4 15.O-O Qg6
16.Bxe4 dxe4 17.Qxb3 exf3 18.Bg3 Qe4 19.Rfd1 Rad8 20.gxf3 Qxf3 21.Rxd8 Rxd8
22.Qc4 h5 23.Rc1 h4  0-1

[Event "ch-POL 2012"]
[Site "Warsaw POL"]
[Date "2012.02.19"]
[Round "2"]
[White "Wojtaszek,R"]
[Black "Mista,A"]
[Result "1-0"]
[WhiteElo "2706"]
[BlackElo "2587"]

1.d4 d5 2.c4 e6 3.Nc3 Be7 4.Nf3 Nf6 5.Bf4 O-O 6.e3 Nbd7 7.Be2 dxc4 8.O-O c5
9.dxc5 Nxc5 10.Bxc4 a6 11.Ne5 Ncd7 12.Be2 Nxe5 13.Qxd8 Rxd8 14.Bxe5 Nd5 15.Bf3 Nxc3
16.Bxc3 a5 17.Rfd1 f6 18.Rxd8+ Bxd8 19.Rd1 Bc7 20.h4 Kf8 21.h5 Ke7 22.h6 gxh6
23.Bd4 f5 24.Bc5+ Kf6 25.b3 e5 26.Bd6 e4 27.Be2 Bb6 28.Rd5 Be6 29.Rb5 Ra6
30.Be5+ Kg6 31.Bf4 Bd8 32.Rxb7 Rc6 33.Bb5 Rc1+ 34.Kh2 Bf7 35.Bd7 Rc5 36.a3 Bg5
37.Bg3 h5 38.b4 axb4 39.axb4 Rd5 40.b5 f4 41.Bxf4 Bxf4+ 42.exf4 Rd2 43.Bc6 Rxf2
44.Bxe4+ Kf6 45.Bf3 Rb2 46.b6  1-0

[Event "TCh-ISR 2011-12"]
[Site "Israel ISR"]
[Date "2012.02.24"]
[Round "9.3"]
[White "Raznikov,D"]
[Black "Mikhalevski,A"]
[Result "1-0"]
[WhiteElo "2442"]
[BlackElo "2438"]

1.d4 d5 2.c4 e6 3.Nc3 Be7 4.Nf3 Nf6 5.Bf4 O-O 6.e3 b6 7.cxd5 exd5 8.Bd3 Bb7
9.Ne5 Nbd7 10.Qf3 Nxe5 11.Bxe5 Bd6 12.Qf5 Ne4 13.Nxe4 dxe4 14.Bxe4 g6 15.Qf3 Bxe4
16.Qxe4 Qe7 17.O-O-O Rae8 18.Kb1 Bxe5 19.Qxe5 Qxe5 20.dxe5 Rxe5 21.Rd7 Rc5
22.Rc1 Rxc1+ 23.Kxc1 Rc8 24.e4 Kf8 25.e5 Re8 26.Rxc7 Rxe5 27.Rxa7 Re2 28.Rd7 Rxf2
29.Rd2 Rf1+ 30.Kc2 Ke7 31.a4 f5 32.b4 f4 33.Kb3 g5 34.Kc4 Rh1 35.h3 Rh2 36.Rf2 Kd6
37.Kb5 Kc7 38.Ka6 h5 39.b5 g4 40.hxg4 hxg4 41.Rxf4 Rxg2 42.Rc4+ Kd6 43.Kxb6 Kd5
44.Rc5+ Ke4 45.a5 Rh2 46.a6 g3 47.a7 Rh6+ 48.Ka5 Rh8 49.b6 g2 50.Rc1 Kd5
51.b7  1-0

[Event "Schachbundesliga 2011-12"]
[Site "Bochum GER"]
[Date "2012.02.25"]
[Round "10"]
[White "Holzke,F"]
[Black "Levin,F"]
[Result "1/2-1/2"]
[WhiteElo "2506"]
[BlackElo "2482"]

1.d4 d5 2.c4 e6 3.Nc3 Be7 4.Nf3 Nf6 5.Bf4 O-O 6.e3 b6 7.cxd5 Nxd5 8.Nxd5 exd5
9.Bd3 c5 10.dxc5 bxc5 11.O-O Nc6 12.Rc1 Be6 13.h3 h6 14.Bb1 f5 15.Nd4 Qd7
16.Nxe6 Qxe6 17.Kh1 Ne5 18.Bxe5 Qxe5 19.f4 Qe6 20.b3 a5 21.Qf3 a4 22.Rfd1 axb3
23.axb3 Rad8 24.Rd2 Kh8 25.g4 fxg4 26.hxg4 c4 27.bxc4 dxc4 28.Rxd8 Rxd8 29.Ba2 Bc5
30.Rxc4 Qxe3  1/2-1/2

[Event "Schachbundesliga 2011-12"]
[Site "Hockenheim GER"]
[Date "2012.02.26"]
[Round "11"]
[White "Karpov,Ana"]
[Black "Kraemer,Mart"]
[Result "1/2-1/2"]
[WhiteElo "2617"]
[BlackElo "2492"]

1.Nf3 Nf6 2.c4 e6 3.Nc3 d5 4.d4 Be7 5.Bf4 O-O 6.e3 Nbd7 7.Be2 dxc4 8.Bxc4 a6
9.a4 c5 10.O-O cxd4 11.Qxd4 Nb6 12.Bb3 Qxd4 13.Nxd4 Bd7 14.a5 Nbd5 15.Nxd5 Nxd5
16.Be5 Rac8 17.Rfd1 Rfd8 18.Bxd5 exd5 19.Ne2 f6 20.Bc3 Be6 21.h3 Kf7 22.Rd2 g5
23.f3 Bc5 24.Kf2 Re8 25.Bd4 Bb4 26.Bc3 Bc5 27.Nd4 Bd7 28.Re1 h6 29.Nc2 Bf5
30.Nb4 Bxb4 31.Bxb4 Rc2 32.Rxc2 Bxc2 33.Bc5 Bb3 34.Rc1 Rc8 35.Rc3 Bc4 36.Bd4 Rc6
37.b4 h5 38.g4 Kg6 39.Rc1 f5 40.Rg1 hxg4 41.hxg4 fxg4 42.Rxg4 Kf5 43.Bb6 Rc8
44.Bd4 Rc6 45.Rg1 Rh6 46.Kg3 Rh7 47.Rc1 Ke6 48.Ba7 Rf7 49.Rc2 Bd3 50.Rd2 Bf5
51.Bb6 Rh7 52.Rg2 Rh3+ 53.Kf2 g4 54.fxg4 Be4 55.Rg1 Rh2+ 56.Kg3 Rh1 57.Rxh1 Bxh1
58.Kf2 Be4 59.Ke2 Kf6 60.Bd8+ Ke5 61.Bc7+ Kf6 62.Bf4 Ke6 63.Bh6 Bg6 64.Bg7 Kf7
65.Bh8 Be4 66.Be5 Ke6 67.Bf4 Bg2 68.Kd3 Bf3 69.g5 Kf5 70.Kd4 Be4 71.Kc5 Kg6
72.Kb6 Kf5 73.Bg3 d4 74.exd4 Kxg5 75.Kc5 Kf6 76.Kd6 Kf7 77.d5 Bf3 78.Bh4 Bg2  1/2-1/2

[Event "Schachbundesliga 2011-12"]
[Site "Remagen GER"]
[Date "2012.02.26"]
[Round "11"]
[White "Grandelius,N"]
[Black "Goloshchapov,A"]
[Result "1/2-1/2"]
[WhiteElo "2536"]
[BlackElo "2580"]

1.d4 d5 2.c4 e6 3.Nc3 Be7 4.Nf3 Nf6 5.Bf4 O-O 6.a3 b6 7.Qc2 c5 8.Rd1 Bb7
9.cxd5 exd5 10.e3 Nbd7 11.Bd3 a6 12.O-O Re8 13.dxc5 bxc5 14.Ne5 Nf8 15.Bc4 Ne6
16.Qb3 Rb8 17.Qa2 Qb6 18.Nxd5 Bxd5 19.Bxd5 Nxd5 20.Qxd5 Qxb2 21.Bg3 Rbd8
22.Qc6 Qxa3 23.Ra1 Qb3 24.Rxa6 Qd5 25.Ra7 f6 26.Ra6 Bf8 27.Qxd5 Rxd5 28.Nc4 Ng5
29.Rc1 Ne4 30.Kf1 Nd2+ 31.Ke2 Nxc4 32.Rxc4 Red8 33.Ra2 R8d7 34.Rac2 Kf7 35.f3 Rd1
36.Be1 Ra1 37.e4 Rdd1 38.Bf2 Rh1 39.Bxc5 Rxh2 40.Kf2 Bxc5+ 41.Rxc5 Ra7 42.e5 fxe5
43.Rxe5 Rh6 44.Rf5+  1/2-1/2

[Event "TCh-CZE Extraliga 2011-12"]
[Site "Czech Republic CZE"]
[Date "2012.03.03"]
[Round "7.5"]
[White "Jedynak,R"]
[Black "Rojicek,V"]
[Result "1/2-1/2"]
[WhiteElo "2494"]
[BlackElo "2406"]

1.d4 Nf6 2.Nf3 d5 3.c4 e6 4.Nc3 Be7 5.Bf4 O-O 6.e3 Nbd7 7.Be2 a6 8.c5 Nh5
9.O-O Nxf4 10.exf4 c6 11.Bd3 b6 12.b4 a5 13.a3 Ba6 14.Bxa6 Rxa6  1/2-1/2

[Event "TCh-BEL 2011-12"]
[Site "Belgium BEL"]
[Date "2012.03.04"]
[Round "9.5"]
[White "Goormachtigh,J"]
[Black "Schroeder,Ja"]
[Result "1/2-1/2"]
[WhiteElo "2212"]
[BlackElo "2235"]

1.d4 d5 2.Nf3 Nf6 3.c4 e6 4.Nc3 Be7 5.Bf4 O-O 6.e3 Nbd7 7.cxd5 Nxd5 8.Nxd5 exd5
9.Bd3 c5 10.dxc5 Nxc5 11.O-O Qb6 12.Be5 Rd8 13.Rc1 Bg4 14.Be2 Rac8 15.Nd4 Bxe2
16.Qxe2 Qg6 17.Rfd1 a6 18.Qc2 Qh5 19.Qf5 Qg6 20.Rc3 Ne6 21.Qxg6 hxg6 22.Nxe6 fxe6
23.Rdc1 Rxc3 24.Rxc3 Rd7 25.b3 Bf6 26.Rc7  1/2-1/2

[Event "TCh-CZE Extraliga 2011-12"]
[Site "Czech Republic CZE"]
[Date "2012.03.04"]
[Round "8.2"]
[White "Michalik,P"]
[Black "Azarov,S"]
[Result "1/2-1/2"]
[WhiteElo "2511"]
[BlackElo "2648"]

1.Nf3 d5 2.d4 Nf6 3.c4 e6 4.Nc3 Be7 5.Bf4 O-O 6.e3 Nbd7 7.c5 Nh5 8.Bd3 Nxf4
9.exf4 b6 10.b4 a5 11.a3 c6 12.O-O Qc7 13.g3 Ba6 14.Re1 Bf6 15.Ne5 Bxe5 16.fxe5 Bxd3
17.Qxd3 Qb7 18.Reb1 axb4 19.axb4 Rxa1 20.Rxa1 Ra8 21.Qd1 Rxa1  1/2-1/2

[Event "TCh-AUT 2 Mitte 2011-12"]
[Site "St. Veit AUT"]
[Date "2012.03.04"]
[Round "9"]
[White "Flumbort,A"]
[Black "Kovacs,Ga2"]
[Result "1/2-1/2"]
[WhiteElo "2539"]
[BlackElo "2498"]

1.d4 d5 2.c4 e6 3.Nf3 Nf6 4.Nc3 Be7 5.Bf4 O-O 6.e3 Nbd7 7.a3 c5 8.cxd5 Nxd5
9.Nxd5 exd5 10.dxc5 Nxc5 11.Be5 Bg4 12.Be2 Ne6 13.h3 Bxf3 14.Bxf3 d4 15.Bxd4 Nxd4
16.Qxd4 Qxd4 17.exd4 Rac8 18.O-O Rc7 19.Rad1 Rd8 20.Rfe1 Kf8 21.Re2 g6 22.g3 Bf6
23.d5 Be7 24.h4 Bd6 25.Kg2 Re8 26.Rxe8+ Kxe8 27.Re1+ Re7 28.Rc1 Rc7 29.Rxc7 Bxc7
30.d6 Bxd6 31.Bxb7 a5 32.Kf3 Bc5 33.g4 h6 34.Bd5 Ke7 35.g5 hxg5 36.hxg5 f6
37.gxf6+ Kxf6 38.Ke2 Ke5 39.Bf7 g5 40.f3 Bd4 41.b4 axb4 42.axb4 Bc3 43.b5 Bd4
44.Kd3 Bb6 45.Kc4  1/2-1/2

[Event "2nd Ferdynanda Dziedzica Mem"]
[Site "Trzcianka POL"]
[Date "2012.03.04"]
[Round "8"]
[White "Malaniuk,V"]
[Black "Urban,K"]
[Result "1/2-1/2"]
[WhiteElo "2509"]
[BlackElo "2463"]

1.d4 d5 2.c4 e6 3.Nc3 Be7 4.Nf3 Nf6 5.Bf4 O-O 6.e3 b6 7.Bd3 dxc4 8.Bxc4 Bb7
9.O-O a6 10.Ne5 b5 11.Be2 c5 12.Bf3 Qb6 13.dxc5 Bxc5 14.a4 Nc6 15.axb5 axb5
16.Qb3 Nxe5 17.Bxb7 Qxb7 18.Bxe5 b4 19.Bxf6 gxf6 20.Ne2 Be7 21.Ng3 Rfd8 22.Rad1 f5
23.Nh5 Qe4 24.h3 Rac8 25.Rxd8+ Rxd8 26.Rd1 Rxd1+ 27.Qxd1 Qh4  1/2-1/2

[Event "28th Cappelle Open"]
[Site "Cappelle la Grande FRA"]
[Date "2012.03.06"]
[Round "5.38"]
[White "De Verdier,M"]
[Black "Radulski,J"]
[Result "0-1"]
[WhiteElo "2366"]
[BlackElo "2552"]

1.Nf3 d5 2.d4 e6 3.c4 Nf6 4.Nc3 Be7 5.Bf4 O-O 6.e3 c5 7.dxc5 Bxc5 8.Qc2 Nc6
9.a3 Re8 10.O-O-O h6 11.Bg3 Qa5 12.Nd2 Bf8 13.Nb5 Re7 14.Bc7 Rxc7 15.Nb3 Qb6
16.c5 Na5 17.cxb6 Nxb3+ 18.Kb1 Rxc2 19.Kxc2 a6 20.Nc7 Rb8 21.Kxb3 Bc5 22.Rc1 Bxb6
23.Bd3 Bd7 24.Rc2 Ng4 25.Rhc1 Ne5 26.Bxa6 bxa6 27.Nxa6 Ra8 28.Nc7 Ra7 29.Rc3 Nc4
30.Ka2 Bxc7 31.b3 Rxa3+ 32.Kb1 Be5  0-1

[Event "European Ind w 2012"]
[Site "Gaziantep TUR"]
[Date "2012.03.07"]
[Round "6"]
[White "Kazimova,N"]
[Black "Kharmunova,N"]
[Result "0-1"]
[WhiteElo "2253"]
[BlackElo "2191"]

1.Nf3 Nf6 2.c4 e6 3.Nc3 d5 4.d4 Be7 5.Bf4 Bf8 6.Bc1 Be7 7.Bf4 O-O 8.e3 Nbd7
9.c5 Nh5 10.Bd3 Nxf4 11.exf4 c6 12.O-O b6 13.b4 a5 14.a3 Ba6 15.Re1 Bxd3
16.Qxd3 g6 17.Rec1 Qc7 18.g3 Kg7 19.Qe2 Rfe8 20.Kg2 Kg8 21.Nd1 Bf8 22.Nb2 Ra7
23.Nd3 Rea8 24.Qb2 Qb7 25.Qc3 Qa6 26.Rab1 b5 27.Nd2 Qc8 28.Re1 Bg7 29.Nb3 axb4
30.axb4 h5 31.Na5 Bf6 32.Nc1 Bd8 33.Ncb3 Nf6 34.Ra1 Kg7 35.Qc2 h4 36.Qe2 Qd7
37.f3 Bc7 38.Qe3 Nh5 39.Ra2 Rh8 40.Rh1 hxg3 41.hxg3 Nxg3 42.Rxh8 Nf5 43.Qg1 Kxh8
44.Qh2+ Kg7 45.Ra1 g5 46.Rh1 Nh4+ 47.Kf2 Bxf4 48.Qg1 Ng6 49.Nc1 e5 50.Ne2 e4
51.Nxf4 gxf4 52.Qg5 Qe6 53.Qh6+ Kf6 54.Rh5 exf3 55.Qg5+ Kg7 56.Qh6+ Kg8 57.Qh7+ Kf8
58.Re5 Nxe5 59.Qh8+ Ke7 60.dxe5 Rc7 61.Qh4+ Kd7 62.Qxf4 Rc8 63.Kxf3 Re8  0-1

[Event "83rd ch-GER 2012"]
[Site "Osterburg GER"]
[Date "2012.03.07"]
[Round "6"]
[White "Jorczik,J"]
[Black "Mueller,Mic1"]
[Result "1-0"]
[WhiteElo "2391"]
[BlackElo "2308"]

1.d4 d5 2.c4 e6 3.Nc3 Be7 4.Nf3 Nf6 5.Bf4 O-O 6.e3 b6 7.cxd5 Nxd5 8.Nxd5 exd5
9.Be2 Bb4+ 10.Nd2 Bd6 11.Bxd6 Qxd6 12.Rc1 Bf5 13.Qa4 c6 14.O-O a5 15.a3 Ra7
16.Bf3 Rc8 17.e4 dxe4 18.Nxe4 Qd8 19.d5 cxd5 20.Bg4 Bd7 21.Rxc8 Qxc8 22.Nd6 Qf8
23.Nb5 Rc7 24.Bxd7 Rxd7 25.Rd1 Qc5 26.Qf4 Nc6 27.a4 g6 28.Rc1 Qb4 29.Qf6 Re7
30.h4 Re6 31.Qg5 Qxb2 32.Nc7 Rf6 33.Qe3 Ne5 34.Nxd5 Re6 35.Qh6 Nc4 36.Rxc4 Qa1+
37.Kh2 Qe5+ 38.g3 Re8 39.Re4  1-0

[Event "83rd ch-GER 2012"]
[Site "Osterburg GER"]
[Date "2012.03.07"]
[Round "6"]
[White "Khenkin,I"]
[Black "Fridman,D"]
[Result "1/2-1/2"]
[WhiteElo "2632"]
[BlackElo "2653"]

1.d4 d5 2.c4 e6 3.Nf3 Nf6 4.Nc3 Be7 5.Bf4 O-O 6.e3 Nbd7 7.Qc2 c5 8.Rd1 cxd4
9.Rxd4 Qa5 10.Bg3 Nb6 11.Nd2 dxc4 12.Bxc4 Nxc4 13.Nxc4 Qc5 14.O-O Rd8 15.Rfd1 Rxd4  1/2-1/2